Tilastot visalle Sveitsin suurimmat kaupungit

Klikkaa tästä pelataksesi tätä visaa!

Yleistilastot

  • Tätä visaa on pelattu 234 kertaa
  • Keskiarvotulos 5 / 10

Vastaustilastot

VäkilukuKaupunki% Oikein
128 848Bern
99%
372 047Zürich
83%
201 164Geneve
77%
166 173Basel
51%
133 521Lausanne
51%
77 491Luzern
39%
55 060Lugano
33%
72 959St. Gallen
24%
53 031Biel/Bienne
22%
101 203Winterthur
19%

Tulosjakauma

Persentiili vastausten määrän mukaan

Jokaisen tuloksen saaneiden osuus

Tuloshistoriasi

Et ole pelannut tätä visaa